000 00304nam a2200121 i 4500
001 bg
245 0 _aLaboratorium metrologii i kontroli technicznej /
_cpod red.M. Sońty. Cz.2.
260 _aLublin,
_c1980.
040 _cBPK
041 _apol
942 _cKS
008 s pl f |000 0 pol
999 _c20386
_d20386
856 _uhttp://koha.tu.koszalin.pl/cgi-bin/koha/opac-detail.pl?biblionumber=20386
_yKatalog online BPK